Statistiques concernant Pays d'Amérique du sud et capitales - Map Quiz

Cliquez ici pour prendre le quiz!

Statistiques générales

  • Ce quiz a été pris 286 fois
  • Le résultat moyen est 9 sur 12

Réponses sur la Carte

Les réponses sont colorées sur une échelle allant du rouge au vert en fonction du pourcentage des utilisateurs qui les ont devinées à leur premier essai. Vous pouvez retrouver ces pourcentages ci-dessous.
 

Statistiques - réponses

Réponse% Correct
Brasilia
99%
Buenos Aires
93%
Santiago
85%
Lima
84%
Bogota
80%
Montevideo
76%
Caracas
74%
Quito
69%
Georgetown
65%
Sucre
64%
Asuncion
63%
Paramaribo
59%

Distribution des résultats

Percentile par nombre de réponses

% des personnes avec chaque résultat

Votre développement - résultats

Vous n’avez pas pris ce quiz